| 000 | 00777nam a22002297a 4500 | ||
|---|---|---|---|
| 999 |
_c65715 _d65715 |
||
| 005 | 20240530110839.0 | ||
| 008 | 191222s1992 ua f b 000 0 ara d | ||
| 017 |
_a1992/1584 _bمصر. دار الكتب |
||
| 020 | _a9770129496 | ||
| 040 |
_aEG-CaGPL _cEG-CaGPL |
||
| 082 | 0 | 4 |
_221 _a923.1 _bق / ع ا |
| 100 | 0 | _aعبدالستار الطويلة | |
| 245 | 1 | 0 |
_aانور السادات الذى عرفتة / _cعبدالستار الطويلة |
| 260 |
_aالقاهرة : _bالهيئة المصرية العامة للكتاب، _c1992 |
||
| 300 |
_a431 ص . ؛ _c24 سم . |
||
| 650 | 0 | 7 | _2qrmak |
| 651 | _2qrmak | ||
| 653 | 0 | _aكامب ديفيد 1978 | |
| 653 | 0 | _aكامب مدريد 1991 | |
| 942 |
_2ddc _cBK |
||